000 00330nam a22001217a 4500
020 _a0471392006
040 _cNUST
082 _a621.366
_bLON
100 _aCHOI ,Hong.K
_958925
245 _aLong - Wavelength Infrared Semiconductor Lasers
650 _aLong - Wavelength Infrared Semiconductor Lasers
_9123634
942 _2ddc
_cBK
999 _c609765
_d609765